000
00309 a2200109 4500
001
ART_50861
005
20260410161945.0
008
260409a
245
1
0
_a
"De vidrios rotos a vitreaux"
100
1
_a
Favier, Daniela
773
0
_t
Temas de derecho laboral
_g
- N° 5 (mayo 2020)
_w
REV27619
999
_c
29851
_d
29851